Normal view
MARC view
- Pérez Valle, María Teresa Dalila
Entry Nombre Personal
001 - NUMERO DE CONTROL
- campo de control: 36235
003 - IDENTIFICADOR DE NUMERO DE CONTROL
- campo de control: UPN
005 - FECHA Y HORA DE LA ÜLTIMA TRANSACCIÓN
- campo de control: 20210219194512.0
008 - DATOS DE LONGITUD FIJA
- campo de control de longitud fija: nabaccnnaabn|||||||||| b |nc|||||d
035 ## - NUMERO DE CONTROL
- Número de control: UPN11000008342
040 ## - FUENTE DE CATALOGACIÓN
- Lenguaje de catalogación: SPA
- Agencia de transcripción: UPN
100 1# - ENCABEZAMIENTO - NOMBRE PERSONAL
- Nombre personal: Pérez Valle, María Teresa Dalila
670 ## - FUENTE EN LA QUE SE LOCALIZARON DATOS
- Cita de la fuente: LC/P
680 ## - NOTA PUBLICA DE ACCESO PÚBLICO
- Encabezamiento o subdivisión: Académica mexicana con Maestría en Educación
902 ## - CATALOGADOR
- Catalogador: MITM/051214
